Reportajes imaginarios (Record no. 71872)

MARC details
000 -LEADER
campo de control de longitud fija 00815nam a2200217 i 4500
001 - NÚMERO DE CONTROL
campo de control 71872
003 - IDENTIFICADOR DE NÚMERO DE CONTROL
campo de control ES-MaACL
005 - FECHA Y HORA DE LA ÚLTIMA TRANSACCIÓN
campo de control 20240501063037.0
007 - CAMPO FIJO DE DESCRIPCIÓN FÍSICA--INFORMACIÓN GENERAL
campo de control de longitud fija t|
008 - DATOS DE LONGITUD FIJA--INFORMACIÓN GENERAL
campo de control de longitud fija 040819s1944 ag ||||1| spa d
100 1# - ENTRADA PRINCIPAL--NOMBRE DE PERSONA
Nombre de persona Gide, André,
Fechas asociadas al nombre 1869-1951
9 (RLIN) 56674
245 10 - MENCIÓN DEL TÍTULO
Título Reportajes imaginarios
Resto del título : la liberación de Túnez : páginas de diario, Mayo 1943 /
Mención de responsabilidad, etc. André Gide ; [versión directa de Margarita Abella Caprile y Marta Acosta von Praet].
260 ## - PUBLICACIÓN, DISTRIBUCIÓN, ETC.
Lugar de publicación, distribución, etc. Buenos Aires :
Nombre del editor, distribuidor, etc. Emecé,
Fecha de publicación, distribución, etc. [1944] (
Fabricante J. Hays Bell)
300 ## - DESCRIPCIÓN FÍSICA
Extensión 201 p. ;
Dimensiones 19 cm.
490 1# - MENCIÓN DE SERIE
Mención de serie Grandes ensayistas ;
Designación de volumen o secuencia 9
700 1# - ENTRADA AGREGADA--NOMBRE PERSONAL
Nombre de persona Abella Caprile, Margarita,
Fechas asociadas al nombre 1901-1960
9 (RLIN) 18051
700 1# - ENTRADA AGREGADA--NOMBRE PERSONAL
Nombre de persona Acosta van Praet, Marta.
9 (RLIN) 18322
830 0# - PUNTO DE ACCESO ADICIONAL DE SERIE-TÍTULO UNIFORME
Título uniforme Grandes ensayistas ;
Designación de volumen o secuencia 9
9 (RLIN) 181376
852 ## - LOCALIZACIÓN
Ubicación ES-MaACL
Número de control de estantería E-950
Sublocalización o colección R.28681
Holdings
Estatus retirado Estado de pérdida Estado de daño No para préstamo Biblioteca de origen Biblioteca actual Ubicación en estantería Fecha de adquisición Fuente de adquisición Total de préstamos Signatura topográfica completa Código de barras Visto por última vez Precio de reemplazo Tipo de ítem Koha
        Biblioteca del Ateneo de Madrid Biblioteca del Ateneo de Madrid Depósito 2 17/01/2008     E-950 1075240 23/02/2023 23/02/2023 Libro impreso